[Event "Alberta op"]
[Site "Calgary"]
[Date "2002.10.19"]
[Round "6"]
[White "Cacho, Belly"]
[Black "Meharg, Bruce"]
[Result "0-1"]
[WhiteElo "1730"]
[BlackElo "1860"]
[PlyCount "116"]
[EventDate "2002.10.15"]
[EventType "swiss"]
[EventRounds "6"]
[EventCountry "CAN"]
[SourceTitle "EXT 2007"]
[Source "ChessBase"]
[SourceDate "2006.11.23"]
[SourceVersion "1"]
[SourceVersionDate "2006.11.23"]
[SourceQuality "1"]

1. e4 c5 2. c3 d5 3. exd5 Qxd5 4. d4 Nf6 5. Nf3 Bg4 6. Be2 e6 7. Be3 cxd4 8. cxd4 Bb4+ 9. Nc3 0-0 10. 0-0 Bxc3 11. bxc3 Nc6 12. h3 Bh5 13. Bf4 Rac8 14. Qb3 Na5 15. Qa3 a6 16. Bd6 Rfe8 17. Bc5 Nc4 18. Bxc4 Qxc4 19. Ne5 Qd5 20. c4 Qd8 21. Rab1 Ne4 22. Bb6 Qe7 23. Qe3 Nd6 24. c5 Nb5 25. a4 Nc7 26. Nc4 Nd5 27. Qe5 Bg6 28. Rb2 Bd3 29. Nd6 Bxf1 30. Kxf1 Nxb6 31. Rxb6 Rb8 32. Nxe8 Rxe8 33. Qe4 Qd7 34. Rxb7 Qxa4 35. Kg1 g6 36. c6 Rc8 37. c7 Qa5 38. Qc6 Qa1+ 39. Kh2 Qxd4 40. Rb8 Qe5+ 41. g3 Rxb8 42. c8Q+ Rxc8 43. Qxc8+ Kg7 44. Qxa6 Qd4 45. Qe2 e5 46. Kg2 f5 47. f3 e4 48. f4 Kf7 49. g4 Ke6 50. g5 Qd3 51. Qa2+ Kd6 52. Qf2 Kd5 53. h4 Qf3+ 54. Qxf3 exf3+ 55. Kxf3 Kd4 56. h5 Kd3 57. Kf2 Ke4 58. Kg3 Ke3 0-1

[Event "Alberta op"]
[Site "Calgary"]
[Date "2002.10.15"]
[Round "2"]
[White "Cacho, Belly"]
[Black "Ottosen, David"]
[Result "0-1"]
[WhiteElo "1730"]
[BlackElo "2000"]
[PlyCount "72"]
[EventDate "2002.10.15"]
[EventType "swiss"]
[EventRounds "6"]
[EventCountry "CAN"]
[SourceTitle "EXT 2007"]
[Source "ChessBase"]
[SourceDate "2006.11.23"]
[SourceVersion "1"]
[SourceVersionDate "2006.11.23"]
[SourceQuality "1"]

1. e4 c5 2. Nf3 d6 3. d4 cxd4 4. Nxd4 Nf6 5. Nc3 g6 6. Be3 Bg7 7. f3 Nc6 8. Bc4 0-0 9. Qd2 Bd7 10. 0-0-0 Rc8 11. Bb3 Ne5 12. Kb1 Nc4 13. Bxc4 Rxc4 14. Nb3 a5 15. Qd3 Rc8 16. g4 a4 17. Nd4 a3 18. g5 Nh5 19. b3 e6 20. Ncb5 d5 21. exd5 exd5 22. Nxa3 Qa5 23. Nab5 Rc5 24. a4 Rfc8 25. c3 Rxb5 26. Bd2 Qxa4 27. Kc2 Qa2+ 28. Kc1 Bxd4 29. Qc2 Qxc2+ 30. Kxc2 Bf5+ 31. Kb2 Be5 32. Rhe1 d4 33. c4 d3+ 34. Bc3 Bxc3+ 35. Kxc3 Rb6 36. Re7 Ra6 0-1